|
|
|
|
| LEADER |
00000cam a2200000 c 4500 |
| 001 |
227563379 |
| 003 |
DE-627 |
| 005 |
20260206200919.0 |
| 007 |
tu |
| 008 |
970516s1997 gw ||||| m 00| ||ger c |
| 015 |
|
|
|a 97,N22,0292
|2 dnb
|
| 015 |
|
|
|a 97,H12,0434
|2 dnb
|
| 016 |
7 |
|
|a 950324876
|2 DE-101
|
| 020 |
|
|
|a 3631318057
|c : ca. DM 98.00 (kart., freier Pr.)
|9 3-631-31805-7
|
| 035 |
|
|
|a (DE-627)227563379
|
| 035 |
|
|
|a (DE-603)052784088
|
| 035 |
|
|
|a (DE-576)059415436
|
| 035 |
|
|
|a (DE-599)DNB950324876
|
| 035 |
|
|
|a (OCoLC)845417617
|
| 035 |
|
|
|a (OCoLC)40559858
|
| 040 |
|
|
|a DE-627
|b ger
|c DE-627
|e rakwb
|
| 041 |
|
|
|a ger
|
| 044 |
|
|
|c XA-DE
|c XA-CH
|c XD-US
|c XA
|
| 082 |
0 |
|
|a 341.4/88
|
| 082 |
0 |
|
|a 341.488
|q LoC
|2 DDC21oclc
|
| 084 |
|
|
|a 19
|2 sdnb
|
| 084 |
|
|
|a PH 6060
|2 rvk
|0 (DE-625)rvk/136215:
|
| 100 |
1 |
|
|a Weber, Stephan
|d 1961-
|0 (DE-588)115490078
|0 (DE-627)691358737
|0 (DE-576)289912350
|4 aut
|
| 109 |
|
|
|a Weber, Stephan 1961-
|
| 245 |
1 |
0 |
|a Überstellung in den Heimatstaat
|b eine internationales Konzept wider den Strafvollzug in der Fremde ; zugleich ein Beitrag zum Recht der internationalen Vollstreckungshilfe in Strafsachen
|c Stephan Weber
|
| 246 |
3 |
3 |
|a Das "Übereinkommen vom 21. März 1983 über die Überstellung verurteilter Personen" aus der Sicht der Bundesrepublik Deutschland
|
| 264 |
|
1 |
|a Frankfurt am Main
|a Berlin
|a Bern
|a Wien [u.a.]
|b Lang
|c 1997
|
| 300 |
|
|
|a 284 S.
|c 21 cm
|
| 336 |
|
|
|a Text
|b txt
|2 rdacontent
|
| 337 |
|
|
|a ohne Hilfsmittel zu benutzen
|b n
|2 rdamedia
|
| 338 |
|
|
|a Band
|b nc
|2 rdacarrier
|
| 490 |
1 |
|
|a Criminalia
|v 15
|
| 500 |
|
|
|a Literaturverz. S. [271] - 284
|
| 502 |
|
|
|a Zugl.: Trier, Univ., Diss., 1996-1997 u.d.T.: Weber, Stephan: Das "Übereinkommen vom 21. März 1983 über die Überstellung verurteilter Personen" aus der Sicht der Bundesrepublik Deutschland
|
| 610 |
2 |
4 |
|a Europarat
|
| 650 |
|
4 |
|a Strafvollzug
|
| 650 |
|
4 |
|a Internationale Vollstreckungshilfe
|
| 650 |
|
4 |
|a Strafsachen
|
| 650 |
|
4 |
|a Überstellungsübereinkommen
|
| 650 |
|
4 |
|a Heimatstaat
|
| 650 |
|
4 |
|a Vollstreckungshilfe
|
| 650 |
|
4 |
|a Heimatvollstreckung
|
| 650 |
|
4 |
|a Ausländervollzug
|
| 650 |
|
4 |
|a Überstellung
|
| 650 |
|
4 |
|a Verurteilte
|
| 655 |
|
7 |
|a Hochschulschrift
|0 (DE-588)4113937-9
|0 (DE-627)105825778
|0 (DE-576)209480580
|2 gnd-content
|
| 689 |
0 |
0 |
|d s
|0 (DE-588)4469816-1
|0 (DE-627)23460154X
|0 (DE-576)212763296
|a Vollstreckungshilfe
|2 gnd
|
| 689 |
0 |
|
|5 DE-101
|
| 689 |
1 |
0 |
|d u
|0 (DE-588)4469820-3
|0 (DE-627)234601582
|0 (DE-576)212763334
|a Übereinkommen über die Überstellung verurteilter Personen
|f 1983 März 21
|2 gnd
|
| 689 |
1 |
|
|5 DE-101
|
| 689 |
2 |
0 |
|d s
|0 (DE-588)4469816-1
|0 (DE-627)23460154X
|0 (DE-576)212763296
|a Vollstreckungshilfe
|2 gnd
|
| 689 |
2 |
|
|5 (DE-627)
|
| 689 |
3 |
0 |
|d u
|0 (DE-588)4469820-3
|0 (DE-627)234601582
|0 (DE-576)212763334
|a Übereinkommen über die Überstellung verurteilter Personen
|f 1983 März 21
|2 gnd
|
| 689 |
3 |
|
|5 (DE-627)
|
| 751 |
|
|
|a Trier
|0 (DE-588)4060877-3
|0 (DE-627)106138014
|0 (DE-576)209137053
|4 uvp
|
| 830 |
|
0 |
|a Criminalia
|v 15
|9 1500
|w (DE-627)371280036
|w (DE-576)040559181
|w (DE-600)2122139-X
|x 0945-1811
|7 am
|
| 935 |
|
|
|i Blocktest
|
| 935 |
|
|
|h HEB
|i 0501
|
| 935 |
|
|
|h HEB
|i 0503
|
| 936 |
r |
v |
|a PH 6060
|b Strafvollzugsvergleich
|k Rechtswissenschaft
|k Strafrecht, Strafverfahrensrecht, Kriminologie
|k Vergleichendes und ausländisches Straf- und Strafprozessrecht einschliesslich Strafvollzug
|k Rechtsvergleich
|k Strafvollzugsvergleich
|0 (DE-627)1272237419
|0 (DE-625)rvk/136215:
|0 (DE-576)202237419
|
| 936 |
s |
n |
|a p100
|2 mzub
|
| 951 |
|
|
|a BO
|
| ELC |
|
|
|b 1
|
| LOK |
|
|
|0 000 xxxxxcx a22 zn 4500
|
| LOK |
|
|
|0 001 3188414250
|
| LOK |
|
|
|0 003 DE-627
|
| LOK |
|
|
|0 004 227563379
|
| LOK |
|
|
|0 005 20260116081528
|
| LOK |
|
|
|0 008 150728||||||||||||||||ger|||||||
|
| LOK |
|
|
|0 040
|a DE-21-110
|c DE-627
|d DE-21-110
|
| LOK |
|
|
|0 852
|z Kein Bestand am IfK; Nachweis für KrimDok
|
| LOK |
|
|
|0 852
|a DE-21-110
|
| LOK |
|
|
|0 852 1
|m v
|9 00
|
| LOK |
|
|
|0 935
|a k110
|
| LOK |
|
|
|0 938
|k v
|
| LOK |
|
|
|0 939
|a 28-07-15
|b l01
|
| ORI |
|
|
|a SA-MARC-krimdoka001.raw
|